000 00397 a2200121 4500
001 ART_9289
005 20260410161846.0
008 260409a
245 1 0 _aLa producción de alimentos en el proceso de internacionalización del capital
100 1 _aBarkin, David
700 1 _aRozo, Carlos
773 0 _tEl trimestre económico
_g- Vol. L, Nº 199 (jul./set. 1983)
_wREV6933
999 _c24542
_d24542